000 00619nam a2200217 i 4500
001 30058
003 BD-RjUL
005 20211209051514.0
008 140408s1958 enk 00000 eng d
035 _a(BD-RjUL)30143
040 _aBD-RjUL
_beng
_cBD-RjUL
041 _aeng
082 _a164
_bBLN 1958
100 1 _aBlack, Max.
_991423
245 1 4 _aThe nature of mathematics :
_ba critical survey /
_cMax Black.
260 _aLondon :
_bRoutledge,
_c1958.
300 _a xiv, 219 p. ;
_c 21 cm.
650 0 _aMathematics
_xPhilosophy.
_95282
650 0 _aLogic, Symbolic and mathematical.
_991424
942 _2ddc
_cBK
999 _c30058
_d30058